| 000 | 00989nam a22002897a 4500 | ||
|---|---|---|---|
| 999 |
_c15863 _d15863 |
||
| 003 | EG-ScBUE | ||
| 005 | 20210128112624.0 | ||
| 008 | 110817s2004 ua a f 000 f ara d | ||
| 017 | _a2004/7334 | ||
| 020 | _a9770190616 | ||
| 040 |
_aEG-ScBUE _bara _erda _cEG-ScBUE _dEG-ScBUE |
||
| 043 | _aa-sy--- | ||
| 082 | 0 | 4 |
_a892.736 _bن ع ي _222 |
| 100 | 1 |
_926782 _aالنعيمي، خليل، _eمؤلف. |
|
| 245 | 1 | 0 |
_aدمشق67 : _bرواية / _cتأليف خليل النعيمي. |
| 246 | 3 |
_aدمشق سبعة وستون : _bرواية |
|
| 264 | 1 |
_aالقاهرة : _bالهيئة المصرية العامة للكتاب، _c2004. |
|
| 300 |
_a295 صفحة ؛ _c24 سم |
||
| 336 |
_2rdacontent _aنص _btxt |
||
| 337 |
_2rdamedia _aبدون وسيط _bn |
||
| 338 |
_2rdacarrier _aمجلد _bnc |
||
| 650 | 7 |
_926784 _aالقصص العربية _zدمشق _yقرن 20. _2BUEsh |
|
| 651 | _2BUEsh | ||
| 653 |
_cAugust2011 _bARALIT |
||
| 655 |
_vReading book _934232 |
||
| 942 |
_2ddc _cBB |
||